शोकात्मिका :काही विचार (Record no. 61355)

MARC details
000 -LEADER
fixed length control field 00738nam a2200193Ia 4500
008 - FIXED-LENGTH DATA ELEMENTS--GENERAL INFORMATION
fixed length control field 090123s9999 xx 000 0 und d
082 ## - DEWEY DECIMAL CLASSIFICATION NUMBER
Item number 23283
100 ## - MAIN ENTRY--PERSONAL NAME
Personal name अजमेरा सुर्यकांत
245 ## - TITLE STATEMENT
Title शोकात्मिका :काही विचार
250 ## - EDITION STATEMENT
Edition statement 1
260 ## - PUBLICATION, DISTRIBUTION, ETC. (IMPRINT)
Name of publisher, distributor, etc चेतश्री प्रकाशन
Date of publication, distribution, etc 1993
300 ## - PHYSICAL DESCRIPTION
Extent 132
600 ## - SUBJECT ADDED ENTRY--PERSONAL NAME
Personal name अजमेरा सुर्यकांत
630 ## - SUBJECT ADDED ENTRY--UNIFORM TITLE
Uniform title शोकात्मिका :काही विचार
700 ## - ADDED ENTRY--PERSONAL NAME
Personal name अजमेरा सुर्यकांत
700 ## - ADDED ENTRY--PERSONAL NAME
Personal name अजमेरा सुर्यकांत
730 ## - ADDED ENTRY--UNIFORM TITLE
Uniform title शोकात्मिका :काही विचार
942 ## - ADDED ENTRY ELEMENTS (KOHA)
Koha item type Book
Holdings
Withdrawn status Lost status Damaged status Not for loan Home library Current library Date acquired Cost, normal purchase price Total Checkouts Full call number Barcode Date last seen Cost, replacement price Price effective from Koha item type
        Jawahar Wachalanalaya, Kalwa Jawahar Wachalanalaya, Kalwa 03/31/2002 70.00   23283 KLW-23283 01/23/2009 70.00 01/23/2009 Book